| 000 | 01608nam0a2200313 4500 | ||
|---|---|---|---|
| 001 | RU\NLR\bibl\611935 | ||
| 005 | 20260407073258.0 | ||
| 010 |
_a5-93572-133-3 _91000 |
||
| 035 | _a(NLR Aleph) 000603826 | ||
| 090 |
_a10424 _c10424 |
||
| 100 | _a20050221d2004 |||y0rusy50 ca | ||
| 101 | 0 | _arus | |
| 102 | _aRU | ||
| 105 | _aa ||||||||| | ||
| 200 | 1 |
_aАнтичное стекло _e[альбом] _fГос. Эрмитаж _g[авт. текста Н.З. Кунина] |
|
| 210 |
_aСанкт-Петербург _cИзд-во Государственного Эрмитажа _d2004 |
||
| 215 |
_a30,[1] с. _cцв. ил. _d24 |
||
| 225 | 1 | _aIn brevi | |
| 601 | 0 | 2 |
_aГосударственный Эрмитаж _cСанкт-Петербург, город _jАльбомы _xКоллекция художественных стеклянных изделий _92370682 _3RU\NLR\auth\661415039 |
| 606 | 1 |
_aСтеклянные художественные изделия античные _jАльбомы _92370684 _3RU\NLR\auth\661415041 |
|
| 606 | 1 |
_aСтеклянные художественные изделия античные _xГосударственный Эрмитаж (Санкт-Петербург, город) _92370686 _3RU\NLR\auth\661415042 |
|
| 686 | _aЩ125.23(0)л61 | ||
| 686 | _aЩ101.3(2Р)-2Санкт-Петербург2Эрмитаж | ||
| 712 | 0 | 2 |
_4570 _aГосударственный Эрмитаж _cСанкт-Петербург _3RU\NLR\AUTH\883267 _9277747 |
| 801 | 0 |
_aRU _bNLR _c20050221 _gPSBO |
|
| 801 | 1 |
_aRU _bNLR _c20050221 |
|
| 942 | _cBOOK | ||
| 980 | _aNB | ||